| 000 | 00853cam a22002534a 4500 | ||
|---|---|---|---|
| 001 | 12009503 | ||
| 005 | 20130508164755.0 | ||
| 008 | 000516s2000 maua b 001 0 eng | ||
| 010 | _a 00040623 | ||
| 020 | _a1580530648 (alk. paper) | ||
| 020 | _a9781580530644 | ||
| 082 | 0 | 0 |
_a621.38133 _221 _bLAV |
| 100 | 1 |
_aLaverghetta, Thomas S. _933154 |
|
| 245 | 1 | 0 |
_aMicrowave Materials and Fabrication Techniques / _cThomas S. Laverghetta. |
| 250 | _a3rd ed. | ||
| 260 |
_aBoston, MA : _bArtech House, _c2000. |
||
| 300 |
_axii, 287 p. : _bill. ; _c24 cm. |
||
| 440 | 0 |
_aArtech House microwave library _933155 |
|
| 504 | _aIncludes bibliographical references (p. 271-275) and index. | ||
| 650 | 0 |
_aMicrowave circuits _xMaterials. _933156 |
|
| 650 | 0 |
_aMicrowave circuits _xDesign and construction. _933157 |
|
| 653 |
_bEle _cMay2013 |
||
| 942 |
_2ddc _cBB |
||
| 999 |
_c17450 _d17422 |
||